| 000 | 01022nam a22002537a 4500 | ||
|---|---|---|---|
| 005 | 20170124103029.0 | ||
| 010 | _aB-247095 | ||
| 020 | _c320.00 | ||
| 035 | _aB-247095 | ||
| 037 | _bCen Lib/Ret | ||
| 040 |
_aDPL _bHN |
||
| 082 |
_aक _bनौटिया |
||
| 100 |
_aनौटियाल, विद्या सागर _97439 |
||
| 245 |
_aफहत जा पंचधार / _cविद्यासागर नौटियाल |
||
| 246 |
_aPhat ja panchdhaar _b by Vidyasagar Noutiyal |
||
| 260 |
_aनॉएडा _bरेमाधव पब्लिकेशन _c2007 |
||
| 270 |
_aसी -94, सेक्टर 63 _bनॉएडा _e201301 |
||
| 300 |
_axiv,244पृष्ठ. _c20सेमी(सजिल्द) |
||
| 650 |
_aहिंदी साहित्य _963318 |
||
| 650 |
_aहिंदी कहानी -संग्रह _963319 |
||
| 650 |
_aHindi literature _963320 |
||
| 650 |
_aHindi story - Collection _959250 |
||
| 942 |
_2ddc _cHN _hक _mनौटिया |
||
| 999 |
_c115804 _d115804 |
||